Lab manual on blood analysis and medical diagnostics (Record no. 17694)

MARC details
000 -LEADER
fixed length control field 00604nam a22001697a 4500
008 - FIXED-LENGTH DATA ELEMENTS--GENERAL INFORMATION
fixed length control field 190524b xxu||||| |||| 00| 0 eng d
020 ## - INTERNATIONAL STANDARD BOOK NUMBER
International Standard Book Number 8121939674
040 ## - CATALOGING SOURCE
Original cataloging agency KABU
Transcribing agency KABU
050 ## - LIBRARY OF CONGRESS CALL NUMBER
Classification number RB145
Item number .P73 2012 c. 1
100 ## - MAIN ENTRY--PERSONAL NAME
Personal name Prakash, Gayatri
245 ## - TITLE STATEMENT
Title Lab manual on blood analysis and medical diagnostics
Remainder of title (useful for students of B.Sc. Life sciences, B.Sc. Hons. Zoology...)
Statement of responsibility, etc. Gayatri Prakash
260 ## - PUBLICATION, DISTRIBUTION, ETC. (IMPRINT)
Place of publication, distribution, etc. New Delhi
Name of publisher, distributor, etc. S.Chand & Company LTD
Date of publication, distribution, etc. 2012
300 ## - PHYSICAL DESCRIPTION
Extent 197 p.
650 ## - SUBJECT ADDED ENTRY--TOPICAL TERM
Topical term or geographic name as entry element Blood analysis
Form subdivision Laboratory manuals
650 ## - SUBJECT ADDED ENTRY--TOPICAL TERM
Topical term or geographic name as entry element Hematology
Form subdivision Laboratory manuals
942 ## - ADDED ENTRY ELEMENTS (KOHA)
Source of classification or shelving scheme Library of Congress Classification
Koha item type General Collection
Classification part RB145
Holdings
Withdrawn status Lost status Source of classification or shelving scheme Not for loan Home library Current library Date acquired Total Checkouts Total Renewals Full call number Barcode Date last seen Date last checked out Copy number Price effective from Koha item type
    Library of Congress Classification   Kabarak, Main Campus Kabarak, Main Campus 24/05/2019 3 1 RB145 .P73 2012 c. 1 024442 28/10/2020 16/03/2020 c. 1 24/05/2019 General Collection
Designed with assistance from East African Informatics Ltd